Improving total productivity: MBO strategies for business, government, and not-for-profit organizations (Record no. 29741)

MARC details
000 -LEADER
fixed length control field 00386nam a2200121Ia 4500
082 ## - DEWEY DECIMAL CLASSIFICATION NUMBER
Classification number 065.011
Item number MAL
100 ## - MAIN ENTRY--AUTHOR NAME
Personal name Mali, Paul
245 #0 - TITLE STATEMENT
Title Improving total productivity: MBO strategies for business, government, and not-for-profit organizations
260 ## - PUBLICATION, DISTRIBUTION, ETC. (IMPRINT)
Place of publication New York
Name of publisher John Wiley
Year of publication 1978
650 ## - SUBJECT ADDED ENTRY--TOPICAL TERM
Topical Term Industrial productivity
942 ## - ADDED ENTRY ELEMENTS (KOHA)
Koha item type Books
Holdings
Withdrawn status Lost status Damaged status Not for loan Home library Current library Date acquired Cost, normal purchase price Full call number Accession Number Koha item type
        RRII Library RRII Library 16/12/2021 22.50 065.011 MAL 10322 Books